Quizzes
Events
Quiz Creation
Community
Videos
Private Events
Remove Ads
Sign In
Join for FREE
Feedback
Dark Mode
Quiz Categories
Sports
Geography
Music
Movies
Television
Just For Fun
Miscellaneous
History
Literature
Language
Science
Gaming
Entertainment
Religion
Holiday
For Kids
Quiz Lab
Recent
Popular Today
Quiz Kudos Today
Editor Picks
Curator Picks
Quizzes by...
Day
Popularity
Type
Ratings
Length
Year
Community
Subscriptions
Recent Discussions
Orange Saloon
Badges
Playlists
Quests
Create
Leaderboards
Showdown
Live 5
Trivia Bingo
Activity
Puzzle Library
Sporcle Events
Private Events
Virtual Trivia
Globe League
Become a Host
Pub Owners
SporcleCon
Opinionation
Our Games
Videos
Blog
Mobile Apps
Partnerships
Remove Ads and Go Orange
Feedback
Gaming
Video Games
Board Games
Card Games
Pokémon
Mario
Nintendo
Minecraft
Console
Toys
Legend of Zelda
Gaming
Video Games
Board Games
Card Games
Pokémon
Mario
Nintendo
Minecraft
Console
Toys
Legend of Zelda
Random Quiz
Search Sporcle
×
Quiz Lab
Quiz Lab
Gaming
Modern
Type in answers that appear in a list
Type in answers that appear in a list
Classic
Best Score? Go Orange.
Modern Warfare 2 default control Layout Stats
Can you name the Modern Warfare 2 control Layout?
By
brain_ninja
5m
13 Questions
153 Plays
153 Plays
153 Plays
Comments
Comments
Give Quiz Kudos
Give Quiz Kudos
-
- Ratings
hide this ad
More Info
Replay
Link that replays current quiz
Next Quiz
Link to next quiz in quiz playlist
You Got
0%
They Got
Avg Score
43%
Avg Friend Score
Upgrade to see
Score Distribution
Jump to the score distribution portion of the page
Score
0/13
Timer
05:00
0
Plays Today
% Correct
A jump
83%
B crouch
74.5%
X reload
69.3%
RT shoot
69.3%
LT aim
54.9%
RB grenade
47.7%
Y switch weapon
45.8%
LB special grenade
41.8%
LTS sprint, move
32%
RTS melee, look
26.1%
start Pause
15.7%
Back scoreboard
5.2%
D-pad inventory
2.6%
Quiz Playlist
Details
Report
Send in Message
Add To Playlist
More Info:
Name the default control layout Ex: X_____ LTS-Left Thumbstick RTS-Right Thumbstick
Classic:
Type in answers that appear in a list
Last Updated: Feb 16, 2017
Quiz Scoreboard
CHALLENGE
Sign Up to Join the Scoreboard
Show All
Scores
Hide
Comments
May contain spoilers
Recently Published
Billboard Blitz: Fleetwood Mac
by CooCooCachoo
Music
15s
Presidents Visiting Landmarks
by Hejman
History
7m
An Introduction to Baseball
by treessimontrees
Sports
5m
More to Explore
Quiz From the Vault
Featured Blog Post
Where Did the Easter Bunny Come From?
hide this ad
You Might Also Like...
Tags
control
default
Layout
Modern
Modern Warfare
Today's Top Quizzes in Gaming
Browse Gaming
hide this ad
Today's Top Quizzes in Modern
Browse Modern
Top Contributed Quizzes in Gaming
1
5-to-1: Consoles
2
7-to-1: Board Game Piece Blitz
3
5-to-1: Legend of Zelda
4
Destiny 2 exotic weapons by perk icons
5
League of Legends Pro Players by Career/Team History
6
Ultimate Genshin Impact Logic Puzzle (up to 4.3)
7
Franchise by Action Figure
8
Genshin Impact Logic Puzzle Quiz
9
Who's on the WWE 2K24 Cover?
10
Overwatch Logic Puzzle
Explore More
Trending Topics
Anime
NBA
Crossword
Marvel
Harry Potter
Disney
Kpop
NFL
Puzzle
Song
Pokémon
The Office
WWE
Country
Soccer
hide this ad
More By:
brain_ninja
Quiz
Plays
Rating
Category
Featured
Created
1-9, 9-1: 60 second blitz
904
2.00
Just For Fun
Mar 15, 2010
Everquest 1 Classes
522
5.00
Gaming
Mar 16, 2010
Common coca cola soft drinks
317
1.50
Miscellaneous
Feb 11, 2010
World at War Killstreak: 60 second blitz
159
2.67
Gaming
Feb 10, 2010
Modern Warfare 2 default control Layout
153
2.60
Gaming
Feb 10, 2010
Go to Creator's Profile
Score Distribution
Quiz Creator Spotlight
brain_ninja
Follow
Send a Message
Quizzes Created
-
Created Quiz Play Count
-
More By This Creator
Popular Quizzes Today
1
Find the US States - No Outlines Minefield
2
Find the Countries of Europe - No Outlines Minefield
3
The Countries of the World
4
Find the US States
5
US States
6
Risky Map Clicking: Biggest States A-Z
7
Popular People in 1961
8
Movies - When Are They Set?
More Gaming Quizzes
Video Game Character by Tattoo
Published
Trending Quizzes
Risky Map Clicking: Least Populous States A-Z
1-10 Letter G Words
1-10 Letter F Words
Risky Map Clicking: Next State Alphabetically
Risky Map Clicking: Biggest States A-Z
Recently Updated
Leaping Animals
pecheneg
Reality TV Shows (A-Z)
bhenderson79
Rickey Henderson's Hall of Fame Teammates
pecheneg
Champions League XIs: Arsenal
pecheneg
Quick Pick: Celebrities in WWE's Hall of Fame
aduchscher
A-Z Keypad Blitz II
pecheneg
Multiple Oscar Actors
pecheneg
Mystery Phrase Blitz: Oscar 'Best Actors'
pecheneg
F. Scott Fitzgerald Novels
LTH
Pick 3 Villains
ddd62291
Trending Topics
Marvel
Harry Potter
Crossword
NBA
Kpop
Disney
Anime
The Office
Song
Pokémon
Puzzle
NFL
Soccer
Country
WWE
Your Account Isn't Verified!
In order to create a playlist on Sporcle, you need to verify the email address you used during registration. Go to your
Sporcle Settings
to finish the process.
Report this User
Report this user for behavior that violates our
Community Guidelines
.
Details:
Send Report
Go to the Sporcle.com Mobile Site →
Comments